00461nam a2200181Ia 4500003000400000005001700004008004100021020001800062040000700080041000800087082002000095100003700115245005500152250000600207260002900213300002400242365001300266OSt20230403095236.0210423s2008 xx 000 0 und d a9780324645217 cAL aeng a658.15 REEJ223 aREEVE (James M);WARREN (Carl S). aPrinciples of financial and managerial accounting. a9 aAustraliabThomsonc2008 axxxii,1223,I-18bPB b595cINR